|
|
|
|
| LEADER |
00996nam a2200241 a 4500 |
| 001 |
12835239 |
| 008 |
100929r20082003maua b 001 0 eng d |
| 010 |
|
|
|a 2002026262
|
| 020 |
|
|
|a 0201741288 (pbk.)
|
| 020 |
|
|
|a 9788131715123
|
| 040 |
|
|
|a DLC
|c DLC
|d DLC
|d BD-DhAAL
|
| 082 |
0 |
0 |
|a 006.3
|2 21
|
| 100 |
1 |
|
|a Roiger, Richard.
|
| 245 |
1 |
0 |
|a Data mining :
|b a tutorial-based primer /
|c Richard J. Roiger, Michael W. Geatz.
|
| 260 |
|
|
|a Boston :
|b Addison Wesley, ;
|a New Delhi :
|b Pearson Education
|c c2003.[Reprinted 2008]
|
| 300 |
|
|
|a 1 v. (various pagings) :
|b ill. ;
|c 24 cm. +
|e 1 CD-ROM (4 3/4 in.)
|
| 504 |
|
|
|a Includes bibliographical references (p. Bib/1-Bib/5) and index.
|
| 541 |
1 |
|
|e 00021133
|
| 650 |
|
0 |
|a Data mining.
|
| 700 |
1 |
|
|a Geatz, Michael.
|
| 852 |
4 |
|
|a Ayesha Abed Library
|j General shelf
|
| 999 |
|
|
|c 9607
|d 9607
|
| 952 |
|
|
|0 0
|1 0
|2 ddc
|4 0
|6 006_300000000000000_ROI_2009
|7 0
|9 12226
|a BRACUL
|b BRACUL
|c GEN
|d 2010-09-30
|g 367.50
|l 8
|m 86
|o 006.3 ROI
|p 3010021133
|r 2025-12-22
|s 2025-10-26
|t 1
|w 2010-09-30
|y BK
|